000 00665nam a2200205 a 4500
001 000245655
003 AM-YeHGA
005 20250618071641.0
008 030710s1911 ai 000 | arm d
040 _aAM-YeHGA
041 0 _aarm
100 1 _aԳարշին, Վ.
245 1 0 _aԱգեւոս իշխանի պատմութիւնը /
_cՎ. Գարշին; Թարգմ.՝ Վ. Մուշեղեան.
260 _aԹիֆլիս :
_bտպ. Հերմէս,
_c1911.
300 _a22 էջ ;
_c14 սմ.
650 1 4 _aՌուս գրականություն
_xՊատմվածք
_94645
700 1 _aՄուշեղեան, Վահան
_eթարգմ.
_4trl
942 _2udc
_cBK
090 _c88885
999 _c87600
_d87600